000 00315cam a22001097a 4500
008 180718b2015 xxu||||| |||| 00| 0 eng d
082 _aP62x54 As36
245 _aStudents speak
_cedited by Ashok Kumar and Poonam Prakash
260 _aNew Delhi
_bSPA
_c2015
300 _a76P.
700 _aAshok Kumar and Poonam Prakash
999 _c503230
_d503230